[Event "Montreal op"]
[Site "Montreal CAN"]
[Date "1999.09.05"]
[Round "4"]
[White "Bachand-Fleurent, Julien"]
[Black "Mikanovic, Goran"]
[Result "0-1"]
[WhiteElo "1873"]
[BlackElo "2361"]
[PlyCount "66"]
[GameId "2160767911742273"]
[EventDate "1999.09.04"]
[EventType "swiss"]
[EventRounds "5"]
[EventCountry "CAN"]

1. e4 c5 2. Nc3 e6 3. g3 Nc6 4. Bg2 d6 5. d3 g6 6. f4 Bg7 7. Nf3 Nge7 8. O-O O-O 9. Re1 Rb8 10. Kh1 b5 11. Ne2 Nd4 12. c3 Nxf3 13. Bxf3 b4 14. d4 bxc3 15. bxc3 Bb7 16. Be3 Qc7 17. Qd3 f5 18. Bf2 Kh8 19. Ng1 fxe4 20. Bxe4 e5 21. dxc5 dxc5 22. Nh3 Nf5 23. Rab1 c4 24. Qc2 Bxe4+ 25. Rxe4 Rxb1+ 26. Qxb1 Qd7 27. Qf1 Nd6 28. Re3 e4 29. Kg2 Qc6 30. Qe1 Nf5 31. Rxe4 Nd6 32. Kf3 Re8 33. Ng5 h6 0-1

[Event "Montreal op"]
[Site "Montreal CAN"]
[Date "1999.09.05"]
[Round "4"]
[White "Beaulieu, Pierre"]
[Black "Soudre, Nicolas"]
[Result "0-1"]
[WhiteElo "2107"]
[BlackElo "2193"]
[PlyCount "129"]
[GameId "2160767911742274"]
[EventDate "1999.09.04"]
[EventType "swiss"]
[EventRounds "5"]
[EventCountry "CAN"]

1. e4 e6 2. d4 d5 3. e5 c5 4. c3 Qb6 5. Nf3 Bd7 6. Be2 Bb5 7. O-O Bxe2 8. Qxe2 Qa6 9. Re1 cxd4 10. Nxd4 Qxe2 11. Rxe2 Nc6 12. Nxc6 bxc6 13. Be3 f6 14. f4 Nh6 15. Kh1 Kf7 16. Nd2 a5 17. Nb3 a4 18. Nc5 Nf5 19. Bg1 h5 20. g3 Bxc5 21. Bxc5 Rhe8 22. Kg2 Ra5 23. Bf2 Rb5 24. h3 Nh6 25. Rd1 f5 26. c4 dxc4 27. Rd6 Reb8 28. Rdd2 Ng8 29. Rc2 Ne7 30. Be3 Nd5 31. Bc1 Nb4 32. Rxc4 Nxa2 33. Rxc6 Nxc1 34. Rxc1 Rxb2 35. Rc7+ Kg6 36. Rxb2 Rxb2+ 37. Kf3 Rb3+ 38. Kf2 h4 39. gxh4 Rxh3 40. Re7 Rxh4 41. Kg3 Rg4+ 42. Kf3 Kh5 43. Rxe6 g5 44. fxg5 Kxg5 45. Ra6 Rf4+ 46. Kg3 Re4 47. e6 f4+ 48. Kf2 Kg4 49. e7 Rxe7 50. Rxa4 Rb7 51. Ra8 Rb2+ 52. Kf1 Kg3 53. Rg8+ Kf3 54. Kg1 Rb1+ 55. Kh2 Rb2+ 56. Kg1 Re2 57. Kf1 Rh2 58. Kg1 Rh4 59. Re8 Rg4+ 60. Kf1 Kg3 61. Ra8 Rh4 62. Rg8+ Kf3 63. Ke1 Rh5 64. Re8 Rh1+ 65. Kd2 0-1

[Event "Montreal op"]
[Site "Montreal CAN"]
[Date "1999.09.05"]
[Round "4"]
[White "Hebert, Jean"]
[Black "Fortin, Marc"]
[Result "1-0"]
[WhiteElo "2475"]
[BlackElo "2046"]
[PlyCount "53"]
[GameId "2160767911742275"]
[EventDate "1999.09.04"]
[EventType "swiss"]
[EventRounds "5"]
[EventCountry "CAN"]

1. e4 c5 2. Nf3 d6 3. d4 cxd4 4. Nxd4 Nf6 5. Nc3 Nc6 6. Bc4 Qb6 7. Nb3 e6 8. O-O a6 9. a4 Qc7 10. f4 Be7 11. f5 Ne5 12. Be2 O-O 13. g4 exf5 14. exf5 Qb6+ 15. Nd4 Nc6 16. Be3 d5 17. a5 Qa7 18. Na4 Bc5 19. Nxc5 Qxc5 20. Bf2 Qe7 21. Bf3 Ne4 22. Re1 Qg5 23. Bxe4 dxe4 24. Rxe4 Bd7 25. Nf3 Qd8 26. Bb6 Qc8 27. Qd6 1-0

[Event "Montreal op"]
[Site "Montreal CAN"]
[Date "1999.09.05"]
[Round "4"]
[White "Moss, Laurent"]
[Black "Wenaas, Eric"]
[Result "0-1"]
[WhiteElo "2099"]
[BlackElo "2288"]
[PlyCount "88"]
[GameId "2160767911742276"]
[EventDate "1999.09.04"]
[EventType "swiss"]
[EventRounds "5"]
[EventCountry "CAN"]

1. d4 d5 2. Nf3 Nf6 3. Bg5 e6 4. e3 Be7 5. Nbd2 c5 6. c3 Nc6 7. Bd3 Qc7 8. O-O b6 9. Ne5 Nxe5 10. dxe5 Nd7 11. Bxe7 Nxe5 12. Bb5+ Kxe7 13. Qh5 f6 14. f4 Nf7 15. e4 Nd6 16. Bd3 dxe4 17. Nxe4 Nxe4 18. Bxe4 Bb7 19. Bxb7 Qxb7 20. Qg4 Kf7 21. f5 Rae8 22. Qh5+ g6 23. fxg6+ hxg6 24. Qg5 f5 25. Rf3 Qe7 26. Qe3 e5 27. Raf1 e4 28. R3f2 Qh4 29. h3 Qh6 30. Rf4 Re5 31. Kh2 Ke6 32. Qe2 Rd8 33. Qc4+ Red5 34. b4 Qg7 35. bxc5 Qc7 36. Kh1 Qxc5 37. Qa6 R8d7 38. Qe2 Rd2 39. Qe1 Qxc3 40. R4f3 Qc2 41. Rg3 Kf7 42. Rxg6 Rd1 43. Rg7+ Kxg7 44. Qg3+ Kf7 0-1

[Event "Montreal op"]
[Site "Montreal CAN"]
[Date "1999.09.06"]
[Round "5"]
[White "Esterez, Emmanuel"]
[Black "Fortier, Marc-Andre"]
[Result "1-0"]
[WhiteElo "1836"]
[BlackElo "2089"]
[PlyCount "103"]
[GameId "2160767911742277"]
[EventDate "1999.09.04"]
[EventType "swiss"]
[EventRounds "5"]
[EventCountry "CAN"]

1. Nf3 f5 2. b3 Nf6 3. Bb2 d6 4. d4 g6 5. c4 Bg7 6. e3 O-O 7. Bd3 Nc6 8. d5 Nb4 9. O-O Nxd3 10. Qxd3 e5 11. dxe6 Bxe6 12. Nc3 Ng4 13. Rfd1 Ne5 14. Qe2 f4 15. Nxe5 Bxe5 16. Ne4 Bxb2 17. Qxb2 fxe3 18. f3 Bf5 19. Qd4 Bxe4 20. Qxe4 Qe8 21. Qd5+ Kh8 22. Re1 e2 23. Qd4+ Kg8 24. Kf2 Qc6 25. Rxe2 Qb6 26. Qxb6 axb6 27. Rae1 Rf7 28. a4 Kf8 29. Kg3 Rd8 30. Kg4 Ra8 31. Re6 Ra5 32. Re8+ Kg7 33. R8e7 h6 34. f4 d5 35. Rxf7+ Kxf7 36. Re5 dxc4 37. Rxa5 bxa5 38. bxc4 Ke6 39. Kf3 h5 40. Ke4 b6 41. g3 Kd6 42. Kd4 Ke6 43. h3 Kf5 44. Kd5 h4 45. gxh4 Kxf4 46. Kc6 Ke4 47. Kxc7 Kd4 48. Kxb6 Kxc4 49. Kxa5 Kc5 50. Ka6 Kc6 51. a5 Kc7 52. Kb5 1-0

[Event "Montreal op"]
[Site "Montreal CAN"]
[Date "1999.09.06"]
[Round "5"]
[White "Fortin, Marc"]
[Black "Tessier, Olivier"]
[Result "0-1"]
[WhiteElo "2046"]
[BlackElo "1804"]
[PlyCount "74"]
[GameId "2160767911742278"]
[EventDate "1999.09.04"]
[EventType "swiss"]
[EventRounds "5"]
[EventCountry "CAN"]

1. e4 c5 2. Nf3 Nf6 3. e5 Nd5 4. c3 e6 5. d4 cxd4 6. cxd4 d6 7. exd6 Bxd6 8. Nc3 Bb4 9. Bd2 O-O 10. Nxd5 Bxd2+ 11. Qxd2 Qxd5 12. b3 b5 13. Rc1 Nd7 14. Qg5 Qxg5 15. Nxg5 a6 16. Be2 Nf6 17. O-O h6 18. Nf3 Nd5 19. Ne5 Bb7 20. Bf3 Rad8 21. Nd3 Ba8 22. Bxd5 Rxd5 23. Nb4 Rd6 24. Rfd1 Rfd8 25. f3 e5 26. Rd2 e4 27. fxe4 Bxe4 28. Re1 f5 29. Red1 Rc8 30. a3 a5 31. Na2 Kf7 32. Kf2 Rdc6 33. b4 a4 34. Re1 Rc4 35. g4 g6 36. h4 Rc2 37. Ke3 Rxd2 0-1

[Event "Montreal op"]
[Site "Montreal CAN"]
[Date "1999.09.06"]
[Round "5"]
[White "Hebert, Jean"]
[Black "Hua, Lefong"]
[Result "1-0"]
[WhiteElo "2475"]
[BlackElo "2318"]
[PlyCount "87"]
[GameId "2160767911742279"]
[EventDate "1999.09.04"]
[EventType "swiss"]
[EventRounds "5"]
[EventCountry "CAN"]

1. Nf3 c5 2. c4 Nc6 3. Nc3 g6 4. d4 cxd4 5. Nxd4 Bg7 6. Nc2 d6 7. Bd2 Nf6 8. e4 O-O 9. Be2 Be6 10. Rc1 a6 11. O-O Rb8 12. b3 Qd7 13. f3 Rfc8 14. Kh1 b6 15. a4 Qb7 16. Rb1 Nd7 17. Nd5 Nc5 18. Bg5 Re8 19. Qd2 f5 20. exf5 Bxf5 21. Nde3 Be6 22. Rfe1 Rf8 23. Bf1 Rbe8 24. h3 Ne5 25. Nd4 Bc8 26. Nd5 e6 27. Nc3 Qf7 28. b4 Nb7 29. Be3 a5 30. Ne4 d5 31. Ng5 Qd7 32. Ngxe6 Rxe6 33. Nxe6 Qxe6 34. cxd5 Qf6 35. Bg5 Qf7 36. f4 Nd7 37. Re7 Qf5 38. Rbe1 Nf6 39. g4 Nxg4 40. hxg4 Qxg4 41. bxa5 bxa5 42. d6 h6 43. Rxg7+ Kxg7 44. Qd4+ 1-0

[Event "Montreal op"]
[Site "Montreal CAN"]
[Date "1999.09.06"]
[Round "5"]
[White "Lafleche, Alain"]
[Black "Bachand-Fleurent, Julien"]
[Result "1-0"]
[WhiteElo "1659"]
[BlackElo "1873"]
[PlyCount "57"]
[GameId "2160767911742280"]
[EventDate "1999.09.04"]
[EventType "swiss"]
[EventRounds "5"]
[EventCountry "CAN"]

1. e4 e6 2. d4 d5 3. Nc3 Bb4 4. a3 Bxc3+ 5. bxc3 dxe4 6. Qg4 Nf6 7. Qxg7 Rg8 8. Qh6 c5 9. Ne2 Nc6 10. Bg5 Rg6 11. Qh4 h6 12. Bxf6 Qxf6 13. Qxe4 Kf8 14. a4 e5 15. dxe5 Nxe5 16. h3 Qe7 17. Nf4 Rd6 18. Be2 f5 19. Qe3 b6 20. O-O Bb7 21. Bh5 Qf6 22. Rfe1 Nf7 23. Rad1 Be4 24. Qg3 Rxd1 25. Rxd1 Ke7 26. Ng6+ Ke8 27. Qc7 Bc6 28. Re1+ Be4 29. f3 1-0

[Event "Montreal op"]
[Site "Montreal CAN"]
[Date "1999.09.06"]
[Round "5"]
[White "Larochelle, Martial"]
[Black "Wenaas, Eric"]
[Result "1/2-1/2"]
[WhiteElo "2209"]
[BlackElo "2288"]
[PlyCount "62"]
[GameId "2160767911742281"]
[EventDate "1999.09.04"]
[EventType "swiss"]
[EventRounds "5"]
[EventCountry "CAN"]

1. e4 e5 2. f4 d5 3. exd5 exf4 4. Nf3 Nf6 5. Bb5+ c6 6. dxc6 Nxc6 7. d4 Bd6 8. O-O O-O 9. c3 Bg4 10. Bxc6 bxc6 11. Nbd2 Re8 12. Nc4 Bc7 13. h3 Bh5 14. Nce5 Bxe5 15. dxe5 Qxd1 16. Rxd1 Bxf3 17. gxf3 Rxe5 18. Bxf4 Rf5 19. Rd4 Nd5 20. Bd2 Rxf3 21. Kg2 Rf6 22. c4 Nb6 23. b3 Re8 24. Re1 Rg6+ 25. Kh2 Rc8 26. Re7 h6 27. Rxa7 Re8 28. a4 c5 29. Rd3 Re2+ 30. Kh1 Rgg2 31. a5 Rh2+ 1/2-1/2

[Event "Montreal op"]
[Site "Montreal CAN"]
[Date "1999.09.06"]
[Round "5"]
[White "Luksza, Arkadiusz"]
[Black "Delebarre, Xavier"]
[Result "0-1"]
[WhiteElo "2118"]
[BlackElo "2287"]
[PlyCount "66"]
[GameId "2160767911742282"]
[EventDate "1999.09.04"]
[EventType "swiss"]
[EventRounds "5"]
[EventCountry "CAN"]

1. d4 c5 2. d5 d6 3. c4 g6 4. Nc3 Bg7 5. g3 Nf6 6. Bg2 O-O 7. Nf3 Na6 8. O-O Nc7 9. h3 Bd7 10. e4 e5 11. dxe6 Bxe6 12. Qd3 Qd7 13. Kh2 b5 14. cxb5 c4 15. Qc2 Nxb5 16. Nxb5 Qxb5 17. Nd4 Ng4+ 18. hxg4 Bxd4 19. Bf4 Qxb2 20. Qa4 Be5 21. Rab1 Qe2 22. Bh6 Rfc8 23. f4 Qxg4 24. fxe5 Qh5+ 25. Kg1 Qxh6 26. exd6 Qe3+ 27. Kh2 c3 28. e5 c2 29. Rbc1 Rc4 30. Qa6 Rc3 31. Bxa8 Qxg3+ 32. Kh1 Qh3+ 33. Kg1 Rg3+ 0-1

[Event "Montreal op"]
[Site "Montreal CAN"]
[Date "1999.09.06"]
[Round "5"]
[White "Mikanovic, Goran"]
[Black "Fillion, Steve"]
[Result "1/2-1/2"]
[WhiteElo "2361"]
[BlackElo "2098"]
[PlyCount "92"]
[GameId "2160767911742283"]
[EventDate "1999.09.04"]
[EventType "swiss"]
[EventRounds "5"]
[EventCountry "CAN"]

1. d4 d5 2. c4 c6 3. Nc3 Nf6 4. e3 e6 5. Nf3 Nbd7 6. Qc2 Bd6 7. Bd3 O-O 8. O-O dxc4 9. Bxc4 b5 10. Be2 Bb7 11. Rd1 Qc7 12. e4 e5 13. g3 Rfe8 14. a3 a5 15. dxe5 Nxe5 16. Bg5 Nfg4 17. Nxe5 Nxe5 18. Rac1 Qb8 19. Be3 Bc8 20. f3 Be6 21. Nb1 Bc4 22. b3 Bxe2 23. Qxe2 Bc7 24. Kg2 a4 25. f4 Ng6 26. e5 Qb7 27. Bc5 Bb6 28. b4 Rad8 29. Qf2 Bc7 30. Nc3 Nf8 31. Qf3 Rxd1 32. Rxd1 Rd8 33. Ne4 Rxd1 34. Qxd1 Qc8 35. Bxf8 Kxf8 36. Qd4 Bb8 37. Kf3 Qc7 38. Qc5+ Kg8 39. Qd4 Ba7 40. Qd3 h6 41. h4 Qc8 42. Kg2 Qe6 43. Nd6 Qa2+ 44. Kh3 Qe6+ 45. Kg2 Qa2+ 46. Kh3 Qe6+ 1/2-1/2

[Event "Montreal op"]
[Site "Montreal CAN"]
[Date "1999.09.06"]
[Round "5"]
[White "Reeve, Jeff"]
[Black "Leveille, Francois"]
[Result "1/2-1/2"]
[WhiteElo "2267"]
[BlackElo "2330"]
[PlyCount "62"]
[GameId "2160767911742284"]
[EventDate "1999.09.04"]
[EventType "swiss"]
[EventRounds "5"]
[EventCountry "CAN"]

1. e4 c5 2. Nf3 d6 3. d4 cxd4 4. Nxd4 Nf6 5. Nc3 a6 6. Be3 e5 7. Nb3 Be7 8. f3 Be6 9. Qd2 O-O 10. O-O-O a5 11. a4 Nc6 12. g4 Nb4 13. g5 Ne8 14. h4 Nc7 15. h5 d5 16. g6 d4 17. h6 fxg6 18. hxg7 Rxf3 19. Qh2 h5 20. Bxd4 exd4 21. Nxd4 Bg5+ 22. Kb1 Rxc3 23. bxc3 Na2 24. Qg3 Qe7 25. Nxe6 Qa3 26. Rh3 Bc1 27. Rxc1 Qxc1+ 28. Kxa2 Qxc2+ 29. Ka3 Qc1+ 30. Ka2 Qc2+ 31. Ka3 Qc1+ 1/2-1/2

[Event "Montreal op"]
[Site "Montreal CAN"]
[Date "1999.09.06"]
[Round "5"]
[White "Regnier, Alain"]
[Black "Marineau, Remi"]
[Result "1-0"]
[WhiteElo "2152"]
[BlackElo "2090"]
[PlyCount "55"]
[GameId "2160767911742285"]
[EventDate "1999.09.04"]
[EventType "swiss"]
[EventRounds "5"]
[EventCountry "CAN"]

1. e4 c5 2. g3 e6 3. Bg2 Nc6 4. Ne2 d5 5. exd5 exd5 6. O-O Bg4 7. Re1 Be7 8. h3 Bh5 9. g4 Bg6 10. Nf4 d4 11. d3 Qd7 12. a4 O-O-O 13. a5 a6 14. Nd2 h5 15. Nc4 Kb8 16. Nd5 hxg4 17. Ncb6 Qe8 18. Bf4+ Ka7 19. hxg4 f5 20. Nc7 Qf7 21. Ne6 fxg4 22. Nxd8 Qxf4 23. Nxc6+ bxc6 24. Nc8+ Kb8 25. Nxe7 Nxe7 26. Rxe7 c4 27. Qe1 cxd3 28. Qb4+ 1-0

[Event "Montreal op"]
[Site "Montreal CAN"]
[Date "1999.??.??"]
[Round "6"]
[White "Hasanov, Marat"]
[Black "Wenaas, Eric"]
[Result "1/2-1/2"]
[WhiteElo "2265"]
[BlackElo "2116"]
[PlyCount "97"]
[GameId "2160767911742286"]
[EventDate "1999.09.04"]
[EventType "swiss"]
[EventRounds "5"]
[EventCountry "CAN"]
[SourceTitle "EXT 2001"]
[Source "ChessBase"]
[SourceDate "2000.11.22"]
[SourceVersion "1"]
[SourceVersionDate "2000.11.22"]
[SourceQuality "1"]

1. e4 e5 2. Nf3 Nc6 3. Bb5 d6 4. O-O Nf6 5. Qe2 Be7 6. c3 O-O 7. Rd1 Bd7 8. d4 Re8 9. d5 Nb8 10. Bxd7 Nbxd7 11. c4 Nc5 12. Nc3 a5 13. b3 Rf8 14. Rb1 Qd7 15. Qc2 Nh5 16. Be3 b6 17. Ne1 Nf4 18. a3 f5 19. exf5 Rxf5 20. b4 Nb7 21. Ne4 Raf8 22. f3 g5 23. Nd3 Kh8 24. Kh1 Rg8 25. g4 Rf7 26. Bxf4 gxf4 27. c5 Nd8 28. c6 Qc8 29. bxa5 bxa5 30. Rg1 Rfg7 31. Ndf2 Bh4 32. Qb2 Nf7 33. Rg2 h5 34. Qb7 Bxf2 35. Qxc8 Rxc8 36. Nxf2 Ng5 37. Rb3 h4 38. h3 Rgg8 39. Rg1 Rb8 40. Rgb1 Ra8 41. Kg2 Rgc8 42. a4 Kg7 43. Rb7 Kf6 44. R1b2 Kg6 45. Nd1 e4 46. fxe4 Nxe4 47. Re2 Re8 48. Rc2 Re7 49. Nc3 1/2-1/2

[Event "Montreal op U2000"]
[Site "Montreal CAN"]
[Date "1999.09.04"]
[Round "1"]
[White "Corriveau, Philippe"]
[Black "Morin, Louis"]
[Result "0-1"]
[WhiteElo "1727"]
[BlackElo "1929"]
[PlyCount "60"]
[GameId "2160767911742287"]
[EventDate "1999.09.04"]
[EventType "swiss"]
[EventRounds "5"]
[EventCountry "CAN"]
[SourceTitle "hb 2013"]

1. e4 e5 2. f4 exf4 3. Nf3 h6 4. d4 g5 5. h4 Bg7 6. hxg5 hxg5 7. Rxh8 Bxh8 8. Nc3 d6 9. Bb5+ Bd7 10. Qd3 a6 11. Bxd7+ Nxd7 12. e5 Kf8 13. b3 dxe5 14. Ba3+ Kg7 15. O-O-O Qf6 16. Nd5 Qg6 17. Qxg6+ Kxg6 18. dxe5 Nxe5 19. Nxc7 Rc8 20. Nd5 Nxf3 21. gxf3 Re8 22. Bc5 Be5 23. c4 f5 24. Bd4 Bxd4 25. Rxd4 Nf6 26. Nxf6 Kxf6 27. Kd2 Re3 28. Rd6+ Re6 29. Rd3 g4 30. fxg4 fxg4 0-1

[Event "Montreal op U2000"]
[Site "Montreal CAN"]
[Date "1999.09.04"]
[Round "2"]
[White "Morin, Louis"]
[Black "Miron, Francois"]
[Result "0-1"]
[WhiteElo "1929"]
[BlackElo "1778"]
[PlyCount "50"]
[GameId "2160767911742288"]
[EventDate "1999.09.04"]
[EventType "swiss"]
[EventRounds "5"]
[EventCountry "CAN"]
[SourceTitle "hb 2013"]

1. e4 c5 2. d4 cxd4 3. c3 dxc3 4. Nxc3 Nc6 5. Nf3 g6 6. Bc4 Bg7 7. O-O d6 8. Qe2 Bg4 9. Bxf7+ Kf8 10. Be3 Bxf3 11. Qxf3 Ne5 12. Qe2 Nxf7 13. Nd5 Nf6 14. Nf4 Qd7 15. Qc4 Rc8 16. Ne6+ Kg8 17. Qb3 Nxe4 18. Rac1 Rxc1 19. Rxc1 d5 20. Nc7 d4 21. Bf4 g5 22. Ne6 gxf4 23. Rc7 Nd2 24. Qh3 Ng5 25. Rc8+ Qxc8 0-1

[Event "Montreal op U2000"]
[Site "Montreal CAN"]
[Date "1999.09.05"]
[Round "3"]
[White "Lajoie, Luc"]
[Black "Morin, Louis"]
[Result "0-1"]
[WhiteElo "1675"]
[BlackElo "1929"]
[PlyCount "30"]
[GameId "2160767911742289"]
[EventDate "1999.09.04"]
[EventType "swiss"]
[EventRounds "5"]
[EventCountry "CAN"]
[SourceTitle "hb 2013"]

1. e4 e5 2. Nf3 d6 3. d4 Nf6 4. Nc3 Nbd7 5. Bc4 Be7 6. Bxf7+ Kxf7 7. Ng5+ Kg8 8. Ne6 Qe8 9. Nxc7 Qg6 10. Nxa8 Qxg2 11. Ke2 exd4 12. Qxd4 Ne5 13. Qb4 Bg4+ 14. Ke3 Qf3+ 15. Kd4 Nc6+ 0-1

[Event "Montreal op U2000"]
[Site "Montreal CAN"]
[Date "1999.09.05"]
[Round "4"]
[White "Matteau, Francois"]
[Black "Lacroix, Serge"]
[Result "0-1"]
[Annotator "Incomplete"]
[WhiteElo "1785"]
[BlackElo "1974"]
[PlyCount "44"]
[GameId "2160767739382518"]
[EventDate "1999.09.04"]
[EventType "swiss"]
[EventRounds "5"]
[EventCountry "CAN"]
[SourceTitle "Lacroix"]

1. e4 c5 2. Nf3 Nc6 3. d4 cxd4 4. Nxd4 Nf6 5. Nc3 e6 6. Bg5 Qa5 7. Bxf6 gxf6 8. Be2 Rg8 9. O-O Qg5 10. g3 a6 11. f4 Qh6 12. Qd2 b6 13. Rad1 Qh3 14. Rf3 Bh6 15. Bf1 Qh5 16. Qf2 Kf8 17. Bg2 Rb8 18. Rfd3 Kg7 19. Bf3 Qg6 20. Kh1 Kh8 21. Na4 Nb4 22. R3d2 b5 {etc.} 0-1

[Event "Montreal op U2000"]
[Site "Montreal CAN"]
[Date "1999.09.05"]
[Round "4"]
[White "Morin, Louis"]
[Black "Dubuc, Gabriel"]
[Result "1-0"]
[WhiteElo "1929"]
[BlackElo "1809"]
[PlyCount "101"]
[GameId "2160767911742290"]
[EventDate "1999.09.04"]
[EventType "swiss"]
[EventRounds "5"]
[EventCountry "CAN"]
[SourceTitle "hb 2013"]

1. e4 e5 2. Nf3 Nf6 3. Nc3 Nc6 4. Bb5 Bc5 5. O-O d6 6. d4 exd4 7. Nxd4 Bd7 8. Be3 O-O 9. Nxc6 bxc6 10. Bxc5 cxb5 11. e5 dxc5 12. exf6 Bc6 13. Qxd8 Rfxd8 14. fxg7 Rd2 15. Rac1 b4 16. Nb1 Re2 17. f3 Rae8 18. Rfd1 Kxg7 19. b3 R8e6 20. Kf1 Bb5 21. c4 Bc6 22. Rd2 Rxd2 23. Nxd2 Rd6 24. Ke2 a5 25. Rd1 f5 26. Nf1 Rxd1 27. Kxd1 f4 28. Nd2 Kf6 29. Ke2 Ke5 30. Kd3 Bd7 31. g4 Be8 32. h4 Bg6+ 33. Ne4 h5 34. gxh5 Bxh5 35. Ke2 Kd4 36. Nf6 Bg6 37. h5 Bf5 38. Ne4 Bh7 39. Kd2 Bf5 40. h6 Ke5 41. Nxc5 Kf6 42. Nb7 Kg6 43. Nxa5 Bd7 44. Kd3 Kxh6 45. Ke4 Kg5 46. Ke5 Be8 47. c5 Bb5 48. Nc4 Bc6 49. Nd2 Bb7 50. Ne4+ Bxe4 51. Kxe4 1-0

[Event "Montreal op U2000"]
[Site "Montreal CAN"]
[Date "1999.09.06"]
[Round "5"]
[White "Vezeau, Patrice"]
[Black "Morin, Louis"]
[Result "1-0"]
[WhiteElo "1762"]
[BlackElo "1929"]
[PlyCount "61"]
[GameId "2160767911742291"]
[EventDate "1999.09.04"]
[EventType "swiss"]
[EventRounds "5"]
[EventCountry "CAN"]
[SourceTitle "hb 2013"]

1. e4 e5 2. Nf3 d6 3. Bc4 Be6 4. Bxe6 fxe6 5. c3 Nc6 6. Qb3 Qc8 7. Ng5 Nd8 8. d4 h6 9. Nf3 Nf7 10. dxe5 dxe5 11. Be3 Ne7 12. Nbd2 Nc6 13. Nh4 g5 14. Ng6 Rg8 15. Nxf8 Kxf8 16. O-O-O b6 17. g4 Qe8 18. h4 Na5 19. Qc2 Rd8 20. hxg5 hxg5 21. Rh5 Qe7 22. Rdh1 Rd7 23. Qa4 c5 24. Nf3 Ke8 25. Rh7 Qf6 26. Rd1 Qe7 27. Rxf7 Qxf7 28. Nxe5 Rg7 29. Rxd7 Qxd7 30. Nxd7 Rxd7 31. Bxg5 1-0

[Event "North Bay int."]
[Site "North Bay CAN"]
[Date "1999.08.04"]
[Round "1"]
[White "Chiong, Luiz"]
[Black "Glinert, Stephen"]
[Result "1-0"]
[WhiteElo "2387"]
[BlackElo "2191"]
[PlyCount "61"]
[GameId "2160767911742482"]
[EventDate "1999.08.04"]
[EventType "swiss"]
[EventRounds "9"]
[EventCountry "CAN"]

1. d4 Nf6 2. c4 g6 3. Nc3 d5 4. cxd5 Nxd5 5. e4 Nxc3 6. bxc3 Bg7 7. Nf3 O-O 8. Be2 c5 9. Rb1 Nc6 10. d5 Ne5 11. Nxe5 Bxe5 12. Qd2 b6 13. f4 Bg7 14. c4 e5 15. O-O f5 16. Bb2 Qd6 17. fxe5 Bxe5 18. Bxe5 Qxe5 19. exf5 Bxf5 20. Rbe1 Qg7 21. Bf3 Rae8 22. d6 Rd8 23. Re7 Qd4+ 24. Qxd4 cxd4 25. g4 Bxg4 26. Bxg4 Rxf1+ 27. Kxf1 Rxd6 28. Rxa7 d3 29. Rd7 Rf6+ 30. Kg2 h5 31. Bf3 1-0

[Event "North Bay int."]
[Site "North Bay CAN"]
[Date "1999.08.04"]
[Round "1"]
[White "Ciaffone, Robert"]
[Black "Xu, Sheng Jun"]
[Result "1-0"]
[WhiteElo "2197"]
[BlackElo "2119"]
[PlyCount "45"]
[GameId "2160767911742484"]
[EventDate "1999.08.04"]
[EventType "swiss"]
[EventRounds "9"]
[EventCountry "CAN"]

1. d4 Nf6 2. c4 g6 3. Nc3 Bg7 4. e4 d6 5. Nf3 O-O 6. Be2 e5 7. O-O Nbd7 8. Qc2 c6 9. Rd1 Qe7 10. d5 c5 11. g3 Ne8 12. Nh4 Nb6 13. a4 a5 14. Bd3 Bf6 15. Ng2 Bg5 16. f4 exf4 17. gxf4 Bf6 18. Be3 Bg7 19. Qf2 Bg4 20. Re1 Nc8 21. Qg3 Qd7 22. e5 b6 23. e6 1-0

[Event "North Bay int."]
[Site "North Bay CAN"]
[Date "1999.08.04"]
[Round "1"]
[White "Day, Lawrence"]
[Black "Betaneli, Alexander"]
[Result "1-0"]
[WhiteElo "2319"]
[BlackElo "2261"]
[PlyCount "117"]
[GameId "2160767911742485"]
[EventDate "1999.08.04"]
[EventType "swiss"]
[EventRounds "9"]
[EventCountry "CAN"]
[SourceTitle "EXT 2000"]
[Source "ChessBase"]
[SourceDate "1999.11.18"]
[SourceVersion "1"]
[SourceVersionDate "1999.11.18"]
[SourceQuality "1"]

1. e4 e5 2. Nc3 Nc6 3. g3 g6 4. d3 Bg7 5. Bg2 Nd4 6. Nce2 Nxe2 7. Nxe2 Ne7 8. Be3 d5 9. exd5 Nxd5 10. Bc5 c6 11. Qd2 Be6 12. d4 b6 13. Ba3 Qd7 14. dxe5 Bxe5 15. c4 Nc7 16. Qe3 O-O-O 17. O-O Bxc4 18. Qxe5 Rhe8 19. Qc3 Qd3 20. Rfc1 Rxe2 21. Qxc4 Re1+ 22. Rxe1 Qxc4 23. Rac1 Qg4 24. h3 Qd4 25. Bxc6 Kb8 26. Be7 Ne6 27. Bxd8 Qxd8 28. Rcd1 Qf6 29. Rd7 h5 30. h4 a5 31. Bd5 b5 32. Rc1 Nd8 33. a3 g5 34. hxg5 Qxg5 35. Rc5 Qf6 36. Rxb5+ Kc8 37. Ra7 Qd4 38. Rbxa5 h4 39. b4 hxg3 40. Rc5+ Nc6 41. Rxf7 gxf2+ 42. Kf1 Qd1+ 43. Kxf2 Qd2+ 44. Kg3 Qe3+ 45. Bf3 Qg1+ 46. Kf4 Qd4+ 47. Kg5 Qd8+ 48. Kf5 Qd3+ 49. Kg5 Qe3+ 50. Kg6 Qg1+ 51. Kf5 Qb1+ 52. Be4 Qf1+ 53. Ke6 Qh3+ 54. Kd6 Qh6+ 55. Kd5 Kd8 56. Rxc6 Qh5+ 57. Rf5 Qd1+ 58. Ke6 Qb3+ 59. Rd5+ 1-0

[Event "North Bay int."]
[Site "North Bay CAN"]
[Date "1999.08.04"]
[Round "1"]
[White "Djerkovic, Miladin"]
[Black "Duong, Thanh Nha"]
[Result "1-0"]
[WhiteElo "2201"]
[BlackElo "2332"]
[PlyCount "81"]
[GameId "2160767911742486"]
[EventDate "1999.08.04"]
[EventType "swiss"]
[EventRounds "9"]
[EventCountry "CAN"]
[SourceTitle "EXT 2000"]
[Source "ChessBase"]
[SourceDate "1999.11.18"]
[SourceVersion "1"]
[SourceVersionDate "1999.11.18"]
[SourceQuality "1"]

1. e4 c5 2. Nf3 Nc6 3. d4 cxd4 4. Nxd4 Nf6 5. Nc3 e5 6. Ndb5 d6 7. Nd5 Nxd5 8. exd5 Ne7 9. c4 Nf5 10. Bd3 g6 11. O-O a6 12. Nc3 Bg7 13. Rb1 O-O 14. Bd2 Nd4 15. Ne2 Nxe2+ 16. Qxe2 f5 17. f3 Re8 18. Rfe1 Bd7 19. Qf2 Rc8 20. b3 Bf6 21. Rbc1 Qe7 22. b4 Rc7 23. Be3 Ba4 24. Bb6 Rcc8 25. c5 dxc5 26. bxc5 Qg7 27. Kh1 e4 28. fxe4 Bb2 29. Rb1 Bd4 30. Qh4 g5 31. Qh5 fxe4 32. Rxe4 Rxe4 33. Bxe4 Bxc5 34. Bf5 Bd7 35. Bxd7 Qxd7 36. Qxg5+ Qg7 37. Qxg7+ Kxg7 38. Rc1 Bxb6 39. Rxc8 Ba5 40. Rb8 b5 41. Ra8 1-0

[Event "North Bay int."]
[Site "North Bay CAN"]
[Date "1999.08.04"]
[Round "1"]
[White "Dougherty, Michael"]
[Black "Mikanovic, Goran"]
[Result "1-0"]
[WhiteElo "2257"]
[BlackElo "2310"]
[PlyCount "69"]
[GameId "2160767911742487"]
[EventDate "1999.08.04"]
[EventType "swiss"]
[EventRounds "9"]
[EventCountry "CAN"]
[SourceTitle "EXT 2000"]
[Source "ChessBase"]
[SourceDate "1999.11.18"]
[SourceVersion "1"]
[SourceVersionDate "1999.11.18"]
[SourceQuality "1"]

1. e4 c5 2. Nc3 e6 3. Nf3 a6 4. g3 Nc6 5. Bg2 Qc7 6. O-O Nf6 7. d4 cxd4 8. Nxd4 d6 9. Re1 Be7 10. Nxc6 bxc6 11. e5 dxe5 12. Rxe5 O-O 13. Re2 e5 14. Qe1 Bc5 15. Ne4 Nxe4 16. Rxe4 Bd6 17. Rc4 Bd7 18. Be3 f5 19. Rd1 f4 20. Bc5 Bxc5 21. Rxc5 Rac8 22. Qc3 Rf6 23. Re1 fxg3 24. hxg3 Rcf8 25. Re2 Bg4 26. Rd2 Qf7 27. Rxc6 Rxf2 28. Rxf2 Qxf2+ 29. Kh1 h6 30. Qc4+ Kh8 31. Qxg4 Qe1+ 32. Kh2 Rf2 33. Rd6 e4 34. Rd8+ Kh7 35. Rd7 1-0